000 00914nam a2200265Ia 4500
003 GCL
008 140319s9999 xx 000 0 ara d
040 _aGCL /
_cGCL
082 0 4 _a370.6
_bا ت
100 1 _aاحمد حامد منصور
245 1 0 _aتكنولوجيا التعليم وتنمية القدرة على الفكر الابتكارى /
_cاحمد حامد منصور
700 1 _aسيد خيرالله (تقديم)
260 _a[S.N] :
_bدار الوفاء للطباعة والنشر والتوزيع ،
_c1989
300 _a243 ص
490 _aسلسلة تكنولوجيا التعليم
_v0
650 0 4 _aالتعليم
650 0 4 _aالبرمجة
650 0 4 _aالتكنولوجيا
650 0 4 _aالاجتماع
650 0 4 _aالتفكير
650 0 4 _aالوسائل التعليمية
650 0 4 _aالاجهزة
650 0 4 _aالابتكار
942 _2ddc
_cBK
999 _c29895
_d29895